Premier League Managers 2023/24 - Statistics

General Stats
  • This quiz has been taken 49 times
  • The average score is 15 of 20
Answer Stats
Club Nationality Answer % Correct
Arsenal Spanish Mikel Arteta
98%
Manchester City Spanish Pep Guardiola
98%
Liverpool German Jurgen Klopp
96%
Manchester United Dutch Erik ten Hag
93%
Chelsea Argentine Mauricio Pochettino
93%
Aston Villa Spanish Unai Emery
91%
Everton English Sean Dyche
87%
Newcastle United English Eddie Howe
85%
Brentford Danish Thomas Frank
80%
Burnley Belgian Vincent Kompany
78%
Tottenham Hotspur Australian Ange Postecoglou
76%
West Ham United Scottish David Moyes
76%
Crystal Palace English Roy Hodgson
76%
Fulham Portugese Marco Silva
74%
Brighton & Hove Albion Italian Roberto De Zerbi
72%
Nottingham Forest Welsh Steve Cooper
59%
Wolverhampton Wanderers English Gary O'Neil
48%
Bournemouth Spanish Iraola
48%
Luton Town Welsh Rob Edwards
41%
Sheffield United English Paul Heckingbottom
30%
No matching quizzes found
Score Distribution
Percent of People with Each Score
Percentile by Number Answered
Your Score History
You have not taken this quiz